| 000 | 00657nam a2200217Ii 4500 | ||
|---|---|---|---|
| 003 | JO-AjNU | ||
| 008 | 230606s9999||||xx |||||||||||||| ||und|| | ||
| 020 | _a978-0-230-20049-4(hardback) , 978-0-230-20050-0(paperback) | ||
| 040 |
_aJO-AjNU _beng _erda _cJO-AjNU |
||
| 041 | _aeng | ||
| 050 | 1 | 4 | _aPR2926.S34 2009 |
| 100 | 3 |
_aPOTTER, NICHOLAS, _eauthor _92390 |
|
| 245 | 0 | 0 | _aShakespeare's Late Plays |
| 250 | _a1 ed | ||
| 264 | 3 | 1 | _aLondon: PALGRAVE MACMILLAN, 2009 |
| 300 | _a174P | ||
| 336 |
_atext _btxt _2rdacontent |
||
| 337 |
_aunmediated _bn _2rdamedia |
||
| 338 |
_avolume _bnc _2rdacarrier |
||
| 650 | 4 |
_aShakespeare,William - Late Plays _92391 |
|
| 999 |
_aE1253 _c1253 _d1253 |
||